Exam cram NCLEX-RN exam practice questions / (Record no. 355955)
[ view plain ]
| 000 -LEADER | |
|---|---|
| fixed length control field | 00314nam a2200109Ia 4500 |
| 008 - FIXED-LENGTH DATA ELEMENTS--GENERAL INFORMATION | |
| fixed length control field | 180219s9999 xx 000 0 und d |
| 020 ## - INTERNATIONAL STANDARD BOOK NUMBER | |
| International Standard Book Number | 9810699352 |
| 100 ## - MAIN ENTRY--PERSONAL NAME | |
| Personal name | Rinehart, Wilda |
| 245 ## - TITLE STATEMENT | |
| Title | Exam cram NCLEX-RN exam practice questions / |
| 260 ## - PUBLICATION, DISTRIBUTION, ETC. (IMPRINT) | |
| Place of publication, distribution, etc | Singapore : |
| Name of publisher, distributor, etc | Pearson Education |
| Date of publication, distribution, etc | 2006 |
| 300 ## - PHYSICAL DESCRIPTION | |
| Extent | xvi, 457 pages |
| Withdrawn status | Lost status | Damaged status | Home library | Current library | Shelving location | Date acquired | Source of acquisition | Total Checkouts | Total Renewals | Full call number | Barcode | Date last seen | Date checked out | Price effective from | Koha item type |
|---|---|---|---|---|---|---|---|---|---|---|---|---|---|---|---|
| College Library | College Library | General Circulation Section | 02/19/2018 | 2 | 2 | RT 55 .R579 2006 | c21228 | 01/31/2019 | 01/17/2019 | 02/19/2018 | Books |